Score 0/10 Timer 01:00
1 Play Today
% Correct
Richard Nixon
96.2%
Kevin Costner
93.5%
Clint Eastwood
93.2%
Tom Brady
92%
William Randolph Hearst
87.9%
Lindsay Davenport
87.4%
Jerry Garcia
86.1%
Merv Griffin
84.2%
Merle Haggard
83.2%
Stephen Breyer
74.5%

Today's Daily Dose

Remove Ads.
Support Sporcle.
Get the best of Sporcle when you Go Orange. This ad-free experience offers more features, more stats, and more fun while also helping to support Sporcle. Thank you for becoming a member.

You're not logged in!

Compare scores with friends on all Sporcle quizzes.
OR
Log In

Show Comments

Extras

Top Quizzes Today


Score Distribution

Your Account Isn't Verified!

In order to create a playlist on Sporcle, you need to verify the email address you used during registration. Go to your Sporcle Settings to finish the process.

Report this User

Report this user for behavior that violates our Community Guidelines.

Details: